| 000 | 00343nam a22001337a 4500 | ||
|---|---|---|---|
| 008 | 170529b xxu||||| |||| 00| 0 eng d | ||
| 020 | _a3540500375 | ||
| 041 | _aeng | ||
| 080 | _a621 | ||
| 100 | _a25 | ||
| 101 | _aIM | ||
| 245 |
_aADVANCES COMPUTING CONCEPTS AND TECHNNIQUES IN CONTROL ENGINEERING _cDENHAM.M.J |
||
| 942 |
_2udc _cBK |
||
| 999 |
_c14785 _d14785 |
||